00619nam a22001697a 4500008004100000020001500041040005500056080002300111100001900134245002600153260006000179300001000239650002100249942001200270999001700282952015000299230324b |||||||| |||| 00| 0 eng d a012356915X aNational Science LibrarycNational Science Library aD 681.3.06HTMLbN9 aHoward, Todd M aWho's afraid of HTML? aCaliforniaL: bMorgan Kaufmann Publishers, Inc., c1999 a196p. aComputer science 2udccBK c14052d14052 00102udc406D_681306HTML_N970920789aNSLbNSLcGF/Rk-4/C-3/R-1d1999-08-04l0oD 681.3.06HTML N9p178621r2023-03-24 00:00:00w2023-03-24yBK